Normal view
MARC view
Entry Personal Name
001 - CONTROL NUMBER
- control field: 1698
003 - CONTROL NUMBER IDENTIFIER
- control field: HDC
005 - DATE AND TIME OF LATEST TRANSACTION
- control field: 20230624073117.0
008 - FIXED-LENGTH DATA ELEMENTS
- fixed length control field: 201226|| aca||aabn | a|a d
040 ## - CATALOGING SOURCE
- Original cataloging agency: HDC
- Transcribing agency: HDC
100 ## - HEADING--PERSONAL NAME
- Personal name: AHMAD NIZAM BIN ABDULLAH
670 ## - SOURCE DATA FOUND
- Source citation: Work cat.: (HDC): AHMAD NIZAM BIN ABDULLAH, author, PERCEPTION AND AWARENESS AMONG FOOD MANUFACTURERS AND MARKETERS ON HALAL FOOD IN THE KLANG VALLEY /, 2006
